000 00655nam a22001457a 4500
008 211215b |||||||| |||| 00| 0 eng d
082 _aN333.714/J429d
110 _aNepal. Janasangkhya tatha batabaran Mantralaya
245 _aDang jilllako babai nadi ra bibhinna sahayak kholaharuko bagarkshetra haru bata digo rupama dhunga gitti tatha baluwako sankalan utkhanan karyasanchalanka lagi batabaraniya prabhav mulyankan
260 _aDang:
_bDistrict Development Committee,
_c2073
300 _b91p. illus.
504 _aIncludes bibliography
650 _aEnvironmental Impact Assessment- Dang Excavation of sand, ballast and sand
942 _2ddc
_cNCN
999 _c102533
_d102522